UK Towns Quiz - Gwynedd - Wales - Statistics

General Stats
  • This quiz has been taken 80 times
  • The average score is 17 of 35
Answer Stats
Clue Population Town % Correct
B 16,993 Bangor
97%
C 9,827 Caernarfon
90%
C 1,738 Criccieth
87%
D 2,602 Dolgellau
87%
P 2,574 Porthmadog
87%
B 1,998 Barmouth
85%
P 3,622 Pwllheli
85%
Y 1,999 Y Bala
79%
B 3,755 Bethesda
77%
H 1,263 Harlech
77%
B 3,449 Blaenau Ffestiniog
69%
N 1,294 Nefyn
67%
T 3,133 Tywyn
67%
L 1,835 Llanberis
62%
A 615 Abersoch
59%
Y 2,330 Y felinheli
59%
A 538 Aberdovey
54%
P 1,461 Penrhyndeudraeth
54%
P 1,793 Penygroes
54%
F 681 Fairbourne
44%
L 1,535 Llanrug
41%
W 928 Waunfawr
36%
B 820 Bontnewydd
31%
B 1,090 Bethel
26%
D 740 Dyffryn Ardudwy
26%
T 739 Talysarn
26%
T 736 Tremadog
26%
L 903 Llan Ffestiniog
23%
L 838 Llanbedrog
15%
C 1,386 Clwt-y-bont
13%
T 1,253 Tegarth
13%
G 828 Groeslon
10%
B 601 Bryncrug
8%
R 893 Rachub
8%
L 517 Llwyngwrill
3%
No matching quizzes found
Score Distribution
Percent of People with Each Score
Percentile by Number Answered
Your Score History
You have not taken this quiz